LIBRARY & INFORMATION CENTRE, KCAET, TAVANUR

ONLINE PUBLIC ACCESS CATALOGUE (OPAC)

Lions and Tigers / (Record no. 3373)

MARC details
000 -LEADER
fixed length control field 00358cam a2200157ua 4500
041 ## - LANGUAGE CODE
Language code of text/sound track or separate title eng
082 ## - DEWEY DECIMAL CLASSIFICATION NUMBER
Classification number 823.301
Item number hug/li
100 ## - MAIN ENTRY--AUTHOR NAME
Personal name Hughes, A G .
245 ## - TITLE STATEMENT
Title Lions and Tigers /
260 ## - PUBLICATION, DISTRIBUTION, ETC. (IMPRINT)
Place of publication :
Name of publisher Longman ,
Year of publication 1962.
300 ## - PHYSICAL DESCRIPTION
Number of Pages 64 ; .
942 ## - ADDED ENTRY ELEMENTS (KOHA)
Koha item type Books
Holdings
Withdrawn status Lost status Damaged status Home library Current library Date acquired Full call number Accession Number Koha item type
Withdrawn     KAUAET KAUAET 14/02/2022 823.301 9956 Books
Withdrawn     KAUAET Malayalam University 07/04/2012 823.301 9961 Books
Withdrawn     KAUAET Sanskrit University 07/04/2012 823.301 9959 Books
free website counter